Normal view
MARC view
- Ahmad Sarji bin Abdul Hamid,
Entry Personal Name
001 - CONTROL NUMBER
- control field: 4207
003 - CONTROL NUMBER IDENTIFIER
- control field: OSt
005 - DATE AND TIME OF LATEST TRANSACTION
- control field: 20170515092050.0
008 - FIXED-LENGTH DATA ELEMENTS
- fixed length control field: 170515|| aca||aabn | a|a d
040 ## - CATALOGING SOURCE
- Original cataloging agency: OSt
- Transcribing agency: OSt
100 ## - HEADING--PERSONAL NAME
- Personal name: Ahmad Sarji bin Abdul Hamid,
670 ## - SOURCE DATA FOUND
- Source citation: Work cat.: (OSt): Ahmad Sarji bin Abdul Hamid,, Improvements and development in the public service for the year 1992 / , 1993

PORTAL AKMAL
E-MEL JKDM
AKMAL2U
G-BAM
u-PUSTAKA